Love´s labor´s lost

Salvato in:
Dettagli Bibliografici
Autore principale: Shakespeare, William
Natura: Libro
Lingua:Undetermined
Pubblicazione: New York, Estados Unidos Signey 1965
Soggetti:
Tags: Aggiungi Tag
Nessun Tag, puoi essere il primo ad aggiungerne!!

MARC

LEADER 00000nam a2200000Ia 4500
008 170316s9999 xx 000 0 und d
040 |a cru BVZT 
090 |a 820 S-5L 
100 |a Shakespeare, William 
245 |a Love´s labor´s lost 
260 |a New York, Estados Unidos 
260 |b Signey 
260 |c 1965 
300 |a 192 páginas 
650 |a LITERATURA INGLESA 
999 |c 7141  |d 7141 
942 |c 15 D  |h 820 S-5L  |2 z